| 000 | 00000nam##2200000za#4500 |
| 001 | 9.696943 |
| 003 | CaOODSP |
| 005 | 20210624235248 |
| 007 | cr ||||||||||| |
| 008 | 150407|1999||||xxc|||||o f|0| 0 eng|d |
| 040 | |aCaOODSP|beng |
| 043 | |an-cn--- |
| 086 | 1 |aCS92-371/1999E-PDF |
| 245 | 00|aSampling and weighting |h[electronic resource] |
| 246 | 1 |iSeries title also given on publication as : |a1996 Census technical reports |
| 260 | |aOttawa - Ontario : |bStatistics Canada |c1999. |
| 500 | |aHistorical census publication digitized by Statistics Canada. |
| 590 | |a12-44-Supp|b2012-12-13 |
| 690 | 07|aCensus|2gcpds |
| 710 | 2 |aStatistics Canada. |
| 775 | 08|tÉchantillonnage et pondération |w(CaOODSP)9.641022 |
| 856 | 40|ahttp://publications.gc.ca|qPDF|s2589 KB|uhttps://publications.gc.ca/collections/collection_2012/statcan/rh-hc/CS92-371-1999-eng.pdf |